000 01465cab a2200361 4500
001 ABS50326
008 090401t1994 xxu||||| |||| 00| 0 eng d
035 _a(Sirsi) u75314
041 _aeng
100 _aJefferies, R.L.
245 _aLease incentives and effective rents - practical valuation aspects
260 _c1994
350 _a0
490 _aValuer and Land Economist
_v33(1) February 1994, 57-67(11)
520 _aReviews recent New Zealand legal cases involving CBD office building leasing incentives, the efficacy of confidentiality agreements and current practical valuation problems arising when analysing office rentals. References.
650 _aAMP SOCIETY V WATPAT NOMINEES LTD
650 _aA N Z EXECUTORS AND TRUSTEE CO V NATIONAL MUTUAL LIFE ASSURANCE
650 _aBENJAMIN DEVELOPMENTS LTD & OTHERS
650 _aCENTRAL TOWER LTD LTD V MD DICKINSON AND OTHERS
650 _aCOLONIAL MUTUAL LIFE SOCIETY V AUSTRALIAN AND OVERSEAS TEL
650 _aCONFIDENTIALITY CLAUSES
650 _aDICKINSON AND OTHERS V BOARD OF TRUSTEES OF NATIONAL PROVID
650 _aLEASE INCENTIVES
650 _aMODICK RC LTD V PJ MAHONEY AND GILTRAP GROUP HOLDINGS
650 _aNEW ZEALAND
650 _aRENTAL VALUATION
650 _aROBT JONES (PACIFIC) LTD & OTHERS
690 _aLandlord and tenant
_96252
690 _aOVERSEAS-REST OF THE WORLD
690 _aRATING AND VALUATION
942 _n0
948 _c04/03/1997
999 _c47440
_d47440